000
00175nam a22000857a 4500
003
SGT
245
_a
ANESTHESIOLOGY
260
_a
U.K.
_b
WOLTERS KLUWER
_c
2019,2020
942
_2
ddc
_c
BV
999
_c
23799
_d
23799